zpět

Detail výsledku týmu

Pivovarský Dvůr PO, Liberec

Datum a čas kvízu

17.5 Celkem bodů Celkový počet nahraných bodů na tomto kvízu bez doplňovacích otázek.
7. Pořadí na kvízu Konečné umístění týmu na tomto kvízu.

Zaznamenané odpovědi

# Otázka Odpověď Body Výsledky
1. Vicepremiér Karel Havlíček, kt... Ropák roku 0
2. Jak se nazývá evropská země, k... Island 0
3. Legendární Slovanská epopej Al... Moravský Krumlov 0
4. Letecký dopravce easyJet v čer... Barcelona 1
5. Fotbalový obránce Theodor Gebr... FC Slovan Liberec 1
6. Toto téma vyhrálo minulý týden... gelato, sladoled 0.5
7. Jedna z nejoblíbenějších přích... stracciatella 0
8. Šmoulová zmrzlina je oblíbená... Belgie 1
9. Doplňte chybějící slovo do rek... tvarohová 0
10. Jeden z prvních dlouhometrážní... Nanuk 0